[Event "12th Philadelphia International"]
[Site "Philadelphia"]
[Date "2018.06.30"]
[Round "4"]
[White "Panchanatham, Vignesh"]
[Black "Stearman, Josiah"]
[Result "0-1"]
[WhiteElo "2431"]
[BlackElo "2285"]
[PlyCount "122"]
[EventDate "2018.06.??"]
[EventType "swiss"]
[EventRounds "9"]
[EventCountry "USA"]

1. d4 d5 2. c4 c6 3. Nf3 Nf6 4. e3 Bf5 5. Nc3 e6 6. Nh4 Be4 7. f3 Bg6 8. Qb3
Qc7 9. Bd2 Be7 10. g3 O-O 11. Rc1 dxc4 12. Bxc4 Nbd7 13. Nxg6 hxg6 14. O-O e5
15. Bd3 exd4 16. exd4 Qb6 17. Qxb6 Nxb6 18. Rfe1 Rfe8 19. Be3 Rad8 20. Bf2 Rd7
21. Ne4 Nxe4 22. Rxe4 Red8 23. Rce1 Bf6 24. Re8+ Kh7 25. Rxd8 Rxd8 26. Re4 Nc8
27. b4 Nd6 28. Re2 Nf5 29. Bxf5 gxf5 30. Rd2 Rd5 31. Be3 Be7 32. Rb2 Bf6 33.
Rd2 Rb5 34. a3 a5 35. bxa5 Rxa5 36. Rd3 Be7 37. Bc1 Rd5 38. Rb3 b5 39. Be3 Bf6
40. Rc3 Rxd4 41. Rxc6 Rd3 42. Bc1 Rxf3 43. Kg2 Rb3 44. Rc7 Kg6 45. Rc6 Rc3 46.
Rxc3 Bxc3 47. h4 Kh5 48. Kf3 Be5 49. Bd2 Bd6 50. Bc3 f6 51. Bb2 g5 52. Bxf6 g4+
53. Kf2 Bxa3 54. Be5 Bc1 55. Bd6 f4 56. gxf4 Kxh4 57. Kg2 Bd2 58. Be7+ Kh5 59.
Kg3 b4 60. f5 b3 61. Ba3 Bc3 0-1

[Event "12th Philadelphia International"]
[Site "Philadelphia"]
[Date "2018.06.30"]
[Round "4"]
[White "Pedersen, Christian Kyndel"]
[Black "Sinha, Sahil"]
[Result "1-0"]
[WhiteElo "2426"]
[BlackElo "2269"]
[PlyCount "97"]
[EventDate "2018.06.??"]
[EventType "swiss"]
[EventRounds "9"]
[EventCountry "USA"]

1. d4 Nf6 2. c4 e6 3. g3 d5 4. Nf3 Bb4+ 5. Bd2 Be7 6. Bg2 O-O 7. O-O Nbd7 8.
Qc2 Ne4 9. Bf4 c6 10. Nfd2 g5 11. Be3 Nd6 12. f3 Nf5 13. Bf2 c5 14. cxd5 Nxd4
15. Bxd4 cxd4 16. dxe6 fxe6 17. Na3 Nc5 18. Ne4 b6 19. f4 Bb7 20. Nxg5 Bxg5 21.
Bxb7 Nxb7 22. fxg5 Qxg5 23. Qe4 Nc5 24. Qxd4 Rfd8 25. Qf4 Qg7 26. Nc4 Rd4 27.
Qf3 Rad8 28. b3 Ne4 29. a4 Ng5 30. Qf6 R8d5 31. Kg2 Re4 32. Qxg7+ Kxg7 33. Rf2
Rf5 34. e3 Nf7 35. Rd1 Kg6 36. Rxf5 exf5 37. Rd7 Ne5 38. Re7 Nxc4 39. Rxe4 fxe4
40. bxc4 h5 41. h3 Kf5 42. Kf2 Kg5 43. Ke2 Kf5 44. Kd2 Ke5 45. Kc3 a5 46. g4 h4
47. c5 bxc5 48. Kc4 Kd6 49. g5 1-0

[Event "12th Philadelphia International"]
[Site "Philadelphia"]
[Date "2018.06.30"]
[Round "4"]
[White "Hong, Andrew"]
[Black "Plotkin, Mark"]
[Result "0-1"]
[WhiteElo "2399"]
[BlackElo "2250"]
[PlyCount "73"]
[EventDate "2018.06.??"]
[EventType "swiss"]
[EventRounds "9"]
[EventCountry "USA"]

1. e4 g6 2. d4 Bg7 3. Nc3 d6 4. Be3 c6 5. f4 Qb6 6. Qd2 Qxb2 7. Rb1 Qa3 8. Nf3
Nd7 9. Bc4 Ngf6 10. Bb3 Qa5 11. Ng5 O-O 12. e5 Ng4 13. Nxf7 Rxf7 14. e6 d5 15.
exf7+ Kxf7 16. O-O Nxe3 17. Qxe3 Nf6 18. Rbe1 e6 19. Nd1 Ng4 20. Qd3 c5 21.
dxc5 Qxc5+ 22. Kh1 Bd7 23. c4 Bd4 24. cxd5 exd5 25. f5 Bxf5 26. Rf4 Bg7 27.
Bxd5+ Kf8 28. Be4 Qc7 29. Ref1 Kg8 30. Bxf5 gxf5 31. Qxf5 Ne5 32. Ne3 Rd8 33.
Rh4 Ng6 34. Qe6+ Kh8 35. Qxg6 Bd4 36. Qh6 Bb2 37. Rf8+ 0-1

[Event "12th Philadelphia International"]
[Site "Philadelphia"]
[Date "2018.06.30"]
[Round "4"]
[White "Colas, Joshua"]
[Black "Lindgren, Philip"]
[Result "0-1"]
[WhiteElo "2285"]
[BlackElo "2394"]
[PlyCount "172"]
[EventDate "2018.06.??"]
[EventType "swiss"]
[EventRounds "9"]
[EventCountry "USA"]

1. d4 d5 2. Bf4 Nf6 3. e3 e6 4. c3 Bd6 5. Bg5 Nbd7 6. Nd2 h6 7. Bh4 e5 8. dxe5
Nxe5 9. Ngf3 Nxf3+ 10. Nxf3 c6 11. Bd3 Bg4 12. Qc2 Qe7 13. Nd4 g5 14. Bg3 Bxg3
15. hxg3 Be6 16. O-O-O O-O-O 17. Rhe1 c5 18. Nf3 Kb8 19. c4 Rd6 20. Ne5 Rhd8
21. f4 Ng4 22. e4 dxc4 23. Nxc4 Bxc4 24. Bxc4 Ne3 25. Rxe3 Rxd1+ 26. Qxd1 Rxd1+
27. Kxd1 gxf4 28. gxf4 Qd6+ 29. Bd5 Qxf4 30. Ke2 f6 31. b3 Qe5 32. a4 f5 33.
Kf3 Kc7 34. Bc4 h5 35. exf5 Qxf5+ 36. Ke2 Qg5 37. Kf2 Kb6 38. Rf3 Qh4+ 39. Kg1
Qe1+ 40. Kh2 Qe5+ 41. Kg1 a6 42. Rf7 Kc6 43. Rf3 b5 44. axb5+ axb5 45. Bf7 Kb6
46. Kh1 Ka5 47. Kg1 Kb4 48. Kh1 Ka3 49. Kg1 Kb2 50. Kh1 Kc2 51. Kg1 Qe1+ 52.
Kh2 Qh4+ 53. Kg1 Qd4+ 54. Kh2 Kd2 55. Kh1 Qh4+ 56. Kg1 Ke2 57. Bg8 Qd4+ 58. Kh1
h4 59. Bf7 Qd7 60. Bg8 Qd1+ 61. Kh2 Qd6+ 62. Kh1 Qh6 63. Kh2 Qg7 64. Bf7 Qh7
65. Kh3 Qh8 66. Be6 Qa1 67. Kxh4 Qh8+ 68. Kg4 Qg7+ 69. Kf4 Qxg2 70. Bg4 Kd2 71.
Be6 Qg7 72. Bf5 c4 73. bxc4 bxc4 74. Rf2+ Kc3 75. Rc2+ Kd4 76. Rd2+ Kc3 77. Re2
Qh6+ 78. Ke4 Qh4+ 79. Kf3 Qh5+ 80. Bg4 Qd5+ 81. Kf2 Kd3 82. Re3+ Kd4 83. Bf3
Qf5 84. Re1 c3 85. Ke2 Qe5+ 86. Kd1 c2+ 0-1

[Event "12th Philadelphia International"]
[Site "Philadelphia"]
[Date "2018.06.30"]
[Round "4"]
[White "Zhang, Yuanchen"]
[Black "Lokander, Martin"]
[Result "1/2-1/2"]
[WhiteElo "2280"]
[BlackElo "2386"]
[PlyCount "59"]
[EventDate "2018.06.??"]
[EventType "swiss"]
[EventRounds "9"]
[EventCountry "USA"]

1. d4 d5 2. c4 c6 3. Nf3 Nf6 4. Nc3 e6 5. Bg5 Nbd7 6. e3 Be7 7. Rc1 O-O 8. Bd3
h6 9. Bh4 dxc4 10. Bxc4 b5 11. Bd3 Bb7 12. O-O a6 13. Bxf6 Nxf6 14. Ne4 Qd5 15.
Nxf6+ gxf6 16. e4 Qxa2 17. Qd2 Kg7 18. Bb1 Qa4 19. Qf4 Rac8 20. Qg4+ Kh8 21.
Qh5 Kg7 22. Qg4+ Kh8 23. Qh4 Kg7 24. e5 Rh8 25. exf6+ Bxf6 26. Qg3+ Kf8 27.
Qd6+ Kg7 28. Qg3+ Kf8 29. Qd6+ Kg7 30. Qg3+ 1/2-1/2

[Event "12th Philadelphia International"]
[Site "Philadelphia"]
[Date "2018.06.30"]
[Round "4"]
[White "Mulyar, Michael"]
[Black "De Fotis, Gary"]
[Result "1-0"]
[WhiteElo "2385"]
[BlackElo "1959"]
[PlyCount "59"]
[EventDate "2018.06.??"]
[EventType "swiss"]
[EventRounds "9"]
[EventCountry "USA"]

1. d4 Nf6 2. Nf3 b6 3. c4 e6 4. g3 Bb7 5. Bg2 Be7 6. O-O O-O 7. Re1 d5 8. cxd5
exd5 9. Nc3 c5 10. Bf4 Na6 11. Rc1 Ne4 12. dxc5 Naxc5 13. Nd4 g6 14. b4 Nxc3
15. Rxc3 Ne4 16. Rc7 Rb8 17. Bxe4 dxe4 18. Nc2 g5 19. Be5 f6 20. Rd7 fxe5 21.
Rxd8 Rfxd8 22. Qb1 Rbc8 23. Ne3 Rd2 24. Qb3+ Kf8 25. Qe6 Bxb4 26. Qxe5 Bc3 27.
Qf5+ Kg7 28. Qxg5+ Kh8 29. Rc1 Rg8 30. Qe7 1-0

[Event "12th Philadelphia International"]
[Site "Philadelphia"]
[Date "2018.06.30"]
[Round "4"]
[White "Feng, Maggie"]
[Black "Chasin, Nico"]
[Result "1/2-1/2"]
[WhiteElo "2236"]
[BlackElo "2123"]
[PlyCount "47"]
[EventDate "2018.06.??"]
[EventType "swiss"]
[EventRounds "9"]
[EventCountry "USA"]

1. Nf3 Nf6 2. g3 b5 3. Bg2 Bb7 4. O-O e6 5. d3 d6 6. c3 Nbd7 7. a4 a6 8. Na3 c5
9. Bd2 Qb6 10. b4 d5 11. bxc5 Bxc5 12. axb5 axb5 13. Nc2 Rxa1 14. Qxa1 O-O 15.
Be3 Rc8 16. Rb1 Ng4 17. Bxc5 Qxc5 18. Ncd4 Qxc3 19. Qxc3 Rxc3 20. Nxb5 Rc6 21.
h3 Ngf6 22. Nbd4 Rb6 23. Rxb6 Nxb6 24. Ne5 1/2-1/2

[Event "12th Philadelphia International"]
[Site "Philadelphia"]
[Date "2018.06.30"]
[Round "4"]
[White "Nguyen, Emily"]
[Black "Polgar-Shutzman, Tom"]
[Result "0-1"]
[WhiteElo "2215"]
[BlackElo "2081"]
[PlyCount "118"]
[EventDate "2018.06.??"]
[EventType "swiss"]
[EventRounds "9"]
[EventCountry "USA"]

1. d4 Nf6 2. Nf3 g6 3. c4 Bg7 4. g3 O-O 5. Bg2 d6 6. O-O Nc6 7. Nc3 e5 8. d5
Nb8 9. e4 a5 10. b3 Na6 11. a3 Nc5 12. Ne1 Nfd7 13. Rb1 f5 14. b4 axb4 15. axb4
Nxe4 16. Nxe4 fxe4 17. Bxe4 Nf6 18. Bg2 Bf5 19. Rb3 Qd7 20. Nf3 Ra2 21. Bb2 Qa4
22. Ng5 Re8 23. c5 h6 24. Ne6 Rxe6 25. dxe6 Bxe6 26. Ra3 Qxd1 27. Rxd1 Rxb2 28.
cxd6 cxd6 29. Bxb7 Rxb4 30. Rxd6 Bf8 31. Rxe6 Rb1+ 32. Kg2 Bxa3 33. Rxf6 Rxb7
34. Rxg6+ Kh7 35. Re6 Bb2 36. f4 exf4 37. gxf4 Rb3 38. h3 Kg7 39. Ra6 Bc1 40.
Ra7+ Kf8 41. Ra6 Kg7 42. Ra7+ Kg8 43. Ra8+ Kf7 44. Ra7+ Kg6 45. Ra6+ Kf5 46.
Rxh6 Bxf4 47. Rh8 Ke4 48. Re8+ Be5 49. h4 Rg3+ 50. Kf2 Rh3 51. Ra8 Rh2+ 52. Kg1
Rxh4 53. Ra4+ Bd4+ 54. Kg2 Rg4+ 55. Kh3 Rg8 56. Ra5 Be3 57. Kh4 Bf4 58. Kh5 Be5
59. Ra6 Kf5 0-1

[Event "12th Philadelphia International"]
[Site "Philadelphia"]
[Date "2018.06.30"]
[Round "4"]
[White "Song, Guannan Terry"]
[Black "Shaffer, Alexander"]
[Result "1-0"]
[WhiteElo "2135"]
[BlackElo "1955"]
[PlyCount "55"]
[EventDate "2018.06.??"]
[EventType "swiss"]
[EventRounds "9"]
[EventCountry "USA"]

1. e4 c5 2. Nc3 e6 3. f4 Nc6 4. Nf3 d5 5. Bb5 Nge7 6. exd5 exd5 7. Qe2 Bg4 8.
b3 Bxf3 9. Qxf3 g6 10. f5 gxf5 11. Bb2 Bg7 12. O-O O-O 13. Bxc6 bxc6 14. Rae1
Re8 15. Na4 Qa5 16. Bxg7 Kxg7 17. Qf4 Qb4 18. c4 Ng6 19. Qxf5 Rxe1 20. Rxe1
Qxd2 21. Rf1 Qd4+ 22. Kh1 Rf8 23. h3 dxc4 24. Nxc5 cxb3 25. Nd7 bxa2 26. Nxf8
a1=Q 27. Qxf7+ Kh6 28. Qxh7+ 1-0

[Event "12th Philadelphia International"]
[Site "Philadelphia"]
[Date "2018.06.30"]
[Round "5.1"]
[White "Kovalyov, Anton"]
[Black "Puranik, Abhimanyu"]
[Result "1/2-1/2"]
[WhiteElo "2651"]
[BlackElo "2507"]
[PlyCount "77"]
[EventDate "2018.06.??"]
[EventType "swiss"]
[EventRounds "9"]
[EventCountry "USA"]

1. c4 Nf6 2. Nf3 g6 3. d4 Bg7 4. e3 O-O 5. Be2 d5 6. cxd5 Nxd5 7. e4 Nb6 8. a4
a5 9. Be3 Nc6 10. O-O f5 11. exf5 Bxf5 12. Nc3 Nb4 13. Rc1 c6 14. Qb3+ Kh8 15.
Ne5 N6d5 16. Nxd5 Be6 17. Bg5 Bxd5 18. Qh3 Kg8 19. Rc3 Qd6 20. Qh4 Bxe5 21.
dxe5 Qxe5 22. Re3 Qxb2 23. Rxe7 Rf7 24. Rxf7 Bxf7 25. Bf6 Qd2 26. Ba1 Nd5 27.
Bf3 Qf4 28. Qh3 Re8 29. Bxd5 cxd5 30. Qc3 d4 31. Qxa5 Bc4 32. Re1 Rxe1+ 33.
Qxe1 Kf7 34. h3 Bd5 35. f3 Qe3+ 36. Qxe3 dxe3 37. Bd4 e2 38. Kf2 Bc6 39. Kxe2
1/2-1/2

[Event "12th Philadelphia International"]
[Site "Philadelphia"]
[Date "2018.06.30"]
[Round "5.2"]
[White "Sevian, Samuel"]
[Black "Checa, Nicolas"]
[Result "1-0"]
[WhiteElo "2624"]
[BlackElo "2479"]
[PlyCount "85"]
[EventDate "2018.06.??"]
[EventType "swiss"]
[EventRounds "9"]
[EventCountry "USA"]

1. Nf3 d5 2. g3 Nf6 3. Bg2 Bg4 4. c4 c6 5. Ne5 Be6 6. cxd5 Bxd5 7. Nf3 c5 8.
Nc3 Bc6 9. O-O Nbd7 10. Re1 e5 11. e4 Be7 12. a4 O-O 13. d3 b6 14. Nd2 a6 15.
Nc4 b5 16. Ne3 Re8 17. Nf5 Bf8 18. g4 Nb6 19. g5 Nfd7 20. a5 Nc8 21. h4 Nd6 22.
Qg4 Nxf5 23. exf5 e4 24. Bf4 Ne5 25. Bxe5 Rxe5 26. dxe4 b4 27. Ne2 c4 28. Rad1
Qxa5 29. Nd4 Qb6 30. g6 hxg6 31. fxg6 Be8 32. Nf3 Re7 33. gxf7+ Rxf7 34. e5 Bc5
35. Kh1 Rd8 36. Rxd8 Qxd8 37. Ng5 Qd2 38. Rd1 Qf4 39. Qh5 Qxe5 40. Bd5 Qf5 41.
Bxf7+ Bxf7 42. Rd8+ Bf8 43. Rxf8+ 1-0

[Event "12th Philadelphia International"]
[Site "Philadelphia"]
[Date "2018.06.30"]
[Round "5.3"]
[White "Liang, Awonder"]
[Black "Vorontsov, Pavlo"]
[Result "1/2-1/2"]
[WhiteElo "2571"]
[BlackElo "2564"]
[PlyCount "108"]
[EventDate "2018.06.??"]
[EventType "swiss"]
[EventRounds "9"]
[EventCountry "USA"]

1. e4 c6 2. Nc3 d5 3. Nf3 Bg4 4. h3 Bxf3 5. Qxf3 e6 6. Qg3 dxe4 7. Nxe4 Nf6 8.
Nxf6+ gxf6 9. Be2 Bd6 10. Qb3 Qc7 11. d4 Nd7 12. Be3 O-O-O 13. O-O-O Bf4 14.
Kb1 Kb8 15. Bf3 Bxe3 16. fxe3 f5 17. g4 Nf6 18. Qd3 Rhg8 19. Rhg1 fxg4 20. hxg4
Rg5 21. Rdf1 Qe7 22. Qe2 Rdg8 23. Qf2 Nxg4 24. Bxg4 Rxg4 25. Qf4+ Rxf4 26.
Rxg8+ Kc7 27. Rxf4 f5 28. a3 e5 29. Rf1 exd4 30. exd4 Kb6 31. Rg3 Qe4 32. Rgf3
Qxd4 33. Rxf5 a5 34. R5f4 Qd5 35. Rh4 h5 36. a4 Qg2 37. Rfh1 Ka6 38. Rxh5 Qf3
39. Rh6 Qe4 40. b3 Qg2 41. Re1 Qg3 42. Rhe6 Qf2 43. R1e4 Qg1+ 44. Kb2 Qg7+ 45.
Ka2 Qg2 46. Re2 Qg4 47. Re8 Kb6 48. R8e5 Qf3 49. Kb2 Qf6 50. Kb1 Qf1+ 51. Re1
Qf2 52. R5e4 Qd2 53. R1e3 Qd1+ 54. Kb2 Qd6 1/2-1/2

[Event "12th Philadelphia International"]
[Site "Philadelphia"]
[Date "2018.06.30"]
[Round "5.4"]
[White "Shtembuliak, Evgeny"]
[Black "Mikhalevski, Victor"]
[Result "1/2-1/2"]
[WhiteElo "2506"]
[BlackElo "2581"]
[PlyCount "97"]
[EventDate "2018.06.??"]
[EventType "swiss"]
[EventRounds "9"]
[EventCountry "USA"]

1. d4 Nf6 2. Nf3 d5 3. c4 e6 4. Nc3 Bb4 5. cxd5 exd5 6. Bg5 O-O 7. e3 c5 8.
dxc5 Be6 9. Rc1 Nbd7 10. a3 Bxc5 11. Bd3 a6 12. O-O Rc8 13. h3 h6 14. Bf4 Nb6
15. Qe2 Bd6 16. Bxd6 Qxd6 17. Rfd1 Rfe8 18. Nd4 Bd7 19. Qf3 Qe5 20. b3 Ne4 21.
Nce2 Rxc1 22. Rxc1 Rc8 23. Rxc8+ Nxc8 24. Qf4 Qxf4 25. Nxf4 Nf6 26. Be2 Kf8 27.
Bf3 Nb6 28. Kf1 Ke7 29. Ke1 Kd6 30. Nh5 Nxh5 31. Bxh5 g6 32. Be2 Nc8 33. Kd2
Ne7 34. h4 Nc6 35. Kc3 Nxd4 36. Kxd4 a5 37. f4 f6 38. Bf3 Be6 39. b4 axb4 40.
axb4 b6 41. Bd1 Bd7 42. Bb3 Bc6 43. Bc2 Be8 44. g3 g5 45. fxg5 fxg5 46. hxg5
hxg5 47. Bd1 Bg6 48. Bf3 Bf7 49. Bg2 1/2-1/2

[Event "12th Philadelphia International"]
[Site "Philadelphia"]
[Date "2018.06.30"]
[Round "5"]
[White "Mulyar, Michael"]
[Black "Erenburg, Sergey"]
[Result "0-1"]
[WhiteElo "2385"]
[BlackElo "2563"]
[PlyCount "106"]
[EventDate "2018.06.??"]
[EventType "swiss"]
[EventRounds "9"]
[EventCountry "USA"]

1. d4 d5 2. c4 c6 3. cxd5 cxd5 4. Nc3 Nf6 5. Bf4 Nc6 6. e3 Bg4 7. Qb3 Na5 8.
Qa4+ Bd7 9. Qc2 e6 10. Bd3 Nh5 11. Be5 Nc6 12. Qe2 Nxe5 13. dxe5 g6 14. Nf3 Bb4
15. O-O O-O 16. Rac1 Rc8 17. Nb5 a6 18. Nbd4 Qe7 19. a3 Ba5 20. b4 Bc7 21. Nb3
Bb6 22. Qb2 Ng7 23. Rxc8 Rxc8 24. Rc1 Nf5 25. Rxc8+ Bxc8 26. Nfd4 Qc7 27. Bxf5
exf5 28. f4 Bd7 29. h3 Ba4 30. Nd2 Bb5 31. Kh2 Bd3 32. N2b3 Be4 33. Nc5 g5 34.
Nxe4 fxe4 35. Nf5 gxf4 36. exf4 Qd7 37. e6 fxe6 38. Nh6+ Kf8 39. Qh8+ Ke7 40.
Ng8+ Kd6 41. Qe5+ Kc6 42. Qc3+ Kb5 43. a4+ Kxa4 44. Qc2+ Kxb4 45. Qb2+ Kc5 46.
Nf6 Qf7 47. Qc3+ Kd6 48. Qe5+ Kc6 49. Ng4 Bc5 50. Qb8 Bd6 51. Qc8+ Kb6 52. g3
h5 53. Nh6 Qf6 0-1

[Event "12th Philadelphia International"]
[Site "Philadelphia"]
[Date "2018.06.30"]
[Round "5"]
[White "Nestorovic, Nikola"]
[Black "Yoo, Christopher Woojin"]
[Result "1/2-1/2"]
[WhiteElo "2476"]
[BlackElo "2373"]
[PlyCount "127"]
[EventDate "2018.06.??"]
[EventType "swiss"]
[EventRounds "9"]
[EventCountry "USA"]

1. e4 c5 2. Nf3 d6 3. d4 cxd4 4. Qxd4 Nc6 5. Bb5 Bd7 6. Qd3 a6 7. Bxc6 Bxc6 8.
c4 Nf6 9. Nc3 g6 10. O-O Bg7 11. Bd2 O-O 12. Rac1 Nd7 13. Nd4 Nc5 14. Qe3 e5
15. Nxc6 bxc6 16. Qh3 Ne6 17. Rcd1 Nd4 18. Be3 Qe7 19. Rfe1 Rfd8 20. Bxd4 exd4
21. Na4 Qb7 22. b3 c5 23. f4 Re8 24. Qf3 Re7 25. e5 Qxf3 26. gxf3 Rae8 27. Kf2
dxe5 28. fxe5 Bh6 29. Nxc5 Be3+ 30. Kg2 Rxe5 31. Nxa6 Ra5 32. Nc7 Rxa2+ 33. Kh1
Re5 34. Nd5 Rg5 35. Nxe3 dxe3 36. Ra1 Rf2 37. Rf1 Rgg2 38. Rxf2 Rxf2 39. Kg1
Rxf3 40. Kg2 Rf2+ 41. Kg3 Rb2 42. Ra8+ Kg7 43. Rb8 f5 44. c5 e2 45. Kf2 f4 46.
c6 Rc2 47. Rb4 Rxc6 48. Rxf4 Rc2 49. h4 Kh6 50. b4 Kh5 51. Re4 Rb2 52. Ke1 h6
53. Kf2 g5 54. hxg5 hxg5 55. Rxe2 Rxb4 56. Kg2 Rb3 57. Ra2 Kh4 58. Ra4+ g4 59.
Ra2 Rd3 60. Rb2 Rd4 61. Ra2 g3 62. Rb2 Kg4 63. Ra2 Rc4 64. Rb2 1/2-1/2

[Event "12th Philadelphia International"]
[Site "Philadelphia"]
[Date "2018.06.30"]
[Round "5"]
[White "Lindgren, Philip"]
[Black "Plotkin, Victor"]
[Result "1/2-1/2"]
[WhiteElo "2394"]
[BlackElo "2248"]
[PlyCount "118"]
[EventDate "2018.06.??"]
[EventType "swiss"]
[EventRounds "9"]
[EventCountry "USA"]

1. d4 Nf6 2. c4 e6 3. Nf3 b6 4. g3 Bb7 5. Bg2 Bb4+ 6. Bd2 Be7 7. Nc3 Ne4 8. O-O
Nxd2 9. Qxd2 d6 10. e4 O-O 11. Rad1 a5 12. Qf4 Nd7 13. e5 Qc8 14. Rfe1 dxe5 15.
dxe5 Bb4 16. Re3 h6 17. Ne4 Be7 18. h4 Rd8 19. Red3 Nf8 20. Rxd8 Bxd8 21. h5
Nd7 22. g4 Rb8 23. Nd4 Be7 24. g5 Bxe4 25. Qxe4 Nc5 26. Qg4 Bxg5 27. Nc6 Qf8
28. Nxb8 Qxb8 29. f4 Be7 30. Qf3 Qe8 31. Qc6 Qxc6 32. Bxc6 g5 33. hxg6 fxg6 34.
Kg2 g5 35. Kf3 gxf4 36. Kxf4 Kf7 37. b3 Bg5+ 38. Kf3 Kg6 39. Be4+ Kf7 40. Bc6
Kg6 41. Be4+ Kf7 42. Bc2 Ke7 43. a3 Nd7 44. Ke4 Nc5+ 45. Kd4 Bh4 46. Rf1 Nd7
47. Rf3 Bg5 48. Bg6 Bc1 49. Rf7+ Kd8 50. Rh7 Bxa3 51. Rxh6 Bb2+ 52. Kd3 Bxe5
53. Kc2 Ke7 54. Be4 Kd6 55. Bf3 Nc5 56. Bg4 Bf4 57. Rg6 Be5 58. Bh3 Ke7 59. Rh6
Kd6 1/2-1/2

[Event "12th Philadelphia International"]
[Site "Philadelphia"]
[Date "2018.06.30"]
[Round "5"]
[White "Wang, Qibiao"]
[Black "Lenderman, Aleksandr"]
[Result "0-1"]
[WhiteElo "2337"]
[BlackElo "2615"]
[PlyCount "102"]
[EventDate "2018.06.??"]
[EventType "swiss"]
[EventRounds "9"]
[EventCountry "USA"]

1. d4 Nf6 2. Nf3 d5 3. Bf4 e6 4. e3 c5 5. c3 Nc6 6. Nbd2 Bd6 7. Bg3 O-O 8. Bb5
Be7 9. Bd3 b6 10. Ne5 Bb7 11. O-O g6 12. f4 Ne8 13. Qe2 Nd6 14. Rad1 c4 15. Bc2
f5 16. Ndf3 Bf6 17. Qe1 b5 18. Bh4 Bxh4 19. Nxh4 a5 20. Nhf3 b4 21. Ba4 Ra6 22.
Bxc6 Bxc6 23. Ng5 Qe7 24. Rf3 Ne8 25. Rh3 Nf6 26. Nxh7 Nxh7 27. Nxg6 Qf6 28.
Nxf8 Nxf8 29. cxb4 axb4 30. Qxb4 Rxa2 31. Rf1 Be8 32. Rg3+ Bg6 33. Qb8 Qf7 34.
Rg5 Kg7 35. Rf3 Ra1+ 36. Kf2 Ra7 37. Rh3 Qc7 38. Qb4 Rb7 39. Qc3 Nh7 40. Rgg3
Nf6 41. Kg1 Ne4 42. Qe1 Rxb2 43. Rf3 c3 44. Rf1 c2 45. Qh4 Nf6 46. Rc1 Rb1 47.
Qe1 Rxc1 48. Qxc1 Ne4 49. Rf3 Bh5 50. Rf1 Qc3 51. h3 Ng3 0-1

[Event "12th Philadelphia International"]
[Site "Philadelphia"]
[Date "2018.06.30"]
[Round "5"]
[White "Niemann, Hans"]
[Black "Perske, Thore"]
[Result "0-1"]
[WhiteElo "2313"]
[BlackElo "2464"]
[PlyCount "86"]
[EventDate "2018.06.??"]
[EventType "swiss"]
[EventRounds "9"]
[EventCountry "USA"]

1. d4 Nf6 2. c4 g6 3. f3 Bg7 4. e4 d6 5. Ne2 O-O 6. Be3 Nc6 7. d5 Ne5 8. Nec3
c5 9. Be2 a6 10. a4 e6 11. O-O exd5 12. cxd5 b6 13. Nd2 Rb8 14. Kh1 Qe7 15. Ra3
Ne8 16. f4 Nd7 17. Bg1 Nc7 18. Rb3 Bd4 19. Bd3 Bxg1 20. Rxg1 Qf6 21. Qf3 Qd4
22. Qe2 b5 23. axb5 axb5 24. Nxb5 Nxb5 25. Bxb5 Rxb5 26. Rxb5 Ba6 27. Ra1 Bxb5
28. Qxb5 Nf6 29. Qe2 Qxb2 30. Qe1 Qd4 31. e5 Re8 32. Nf3 Qxf4 33. e6 fxe6 34.
dxe6 Qe4 35. Ng5 Qxe1+ 36. Rxe1 d5 37. Rf1 Kg7 38. Rb1 Re7 39. Rb6 c4 40. Rc6
h6 41. Nh3 g5 42. Nf2 g4 43. Nd1 Ra7 0-1

[Event "12th Philadelphia International"]
[Site "Philadelphia"]
[Date "2018.06.30"]
[Round "5"]
[White "Sarkar, Justin"]
[Black "Gurevich, Daniel"]
[Result "0-1"]
[WhiteElo "2297"]
[BlackElo "2462"]
[PlyCount "86"]
[EventDate "2018.06.??"]
[EventType "swiss"]
[EventRounds "9"]
[EventCountry "USA"]

1. d4 d5 2. c4 dxc4 3. Nf3 Nf6 4. e3 e6 5. Bxc4 c5 6. dxc5 Qxd1+ 7. Kxd1 Bxc5
8. Ke2 O-O 9. a3 Be7 10. Nbd2 Nfd7 11. Rd1 Nb6 12. Bd3 N8d7 13. Nc4 Nxc4 14.
Bxc4 Nb6 15. Bd3 Bd7 16. Bd2 Bf6 17. Bb4 Rfd8 18. Ba5 Bxb2 19. Bxb6 axb6 20.
Ra2 Bf6 21. Rb1 Bc6 22. e4 Ra4 23. Rb4 b5 24. Rxa4 bxa4 25. Ne1 Bc3 26. Nf3 g6
27. Rc2 Bf6 28. Ke3 Bg7 29. g3 h6 30. h4 f5 31. Bc4 Bxe4 32. Bxe6+ Kh7 33. Rd2
Re8 34. Bd7 Re7 35. Kf4 Bd5 36. Bxf5 Bxf3 37. Bc2 Bc6 38. h5 Be8 39. hxg6+ Bxg6
40. Bxg6+ Kxg6 41. Rd6+ Bf6 42. Rb6 Re2 43. f3 Rb2 0-1

[Event "12th Philadelphia International"]
[Site "Philadelphia"]
[Date "2018.06.30"]
[Round "5"]
[White "Lokander, Martin"]
[Black "Song, Edward"]
[Result "1/2-1/2"]
[WhiteElo "2386"]
[BlackElo "2275"]
[PlyCount "33"]
[EventDate "2018.06.??"]
[EventType "swiss"]
[EventRounds "9"]
[EventCountry "USA"]

1. d4 Nf6 2. c4 e6 3. Nf3 d5 4. Nc3 c5 5. cxd5 Nxd5 6. e4 Nxc3 7. bxc3 cxd4 8.
cxd4 Bb4+ 9. Bd2 Bxd2+ 10. Qxd2 O-O 11. Bc4 b6 12. d5 Na6 13. dxe6 fxe6 14. Nd4
Nc5 15. Qe3 Qh4 16. O-O Qxe4 17. Qxe4 1/2-1/2

[Event "12th Philadelphia International"]
[Site "Philadelphia"]
[Date "2018.06.30"]
[Round "5"]
[White "Guo, Arthur"]
[Black "Panchanatham, Vignesh"]
[Result "0-1"]
[WhiteElo "2165"]
[BlackElo "2431"]
[PlyCount "100"]
[EventDate "2018.06.??"]
[EventType "swiss"]
[EventRounds "9"]
[EventCountry "USA"]

1. e4 e6 2. d4 d5 3. Nd2 Be7 4. Ngf3 Nf6 5. e5 Nfd7 6. Bd3 c5 7. c3 Nc6 8. O-O
g5 9. dxc5 g4 10. Nd4 Ndxe5 11. Bb5 Bd7 12. Bxc6 bxc6 13. f4 Ng6 14. b4 f5 15.
Qe2 Kf7 16. N2b3 Qc8 17. c4 Re8 18. cxd5 exd5 19. Qd2 Rb8 20. a4 Bf6 21. Bb2
Re4 22. b5 Ne7 23. Rfe1 h5 24. Rxe4 fxe4 25. f5 Qh8 26. Qa5 Rb7 27. Rd1 Qb8 28.
Qa6 Qc8 29. Na5 Rc7 30. Qxc8 Rxc8 31. Nb7 Bxd4+ 32. Bxd4 Nxf5 33. b6 axb6 34.
cxb6 Nxd4 35. Nd6+ Ke6 36. Nxc8 Bxc8 37. Rxd4 c5 38. Rd1 Kd6 39. Rb1 Kc6 40.
Kf2 d4 41. a5 e3+ 42. Ke1 h4 43. Rb2 Ba6 44. Rb3 Kb7 45. Ra3 c4 46. Ra4 d3 47.
Ra3 Bb5 48. Rc3 Ba4 49. a6+ Kxa6 50. Ra3 d2+ 0-1

[Event "12th Philadelphia International"]
[Site "Philadelphia"]
[Date "2018.06.30"]
[Round "5"]
[White "Chasin, Nico"]
[Black "Shen, Christopher"]
[Result "1-0"]
[WhiteElo "2123"]
[BlackElo "2295"]
[PlyCount "130"]
[EventDate "2018.06.??"]
[EventType "swiss"]
[EventRounds "9"]
[EventCountry "USA"]

1. d4 Nf6 2. c4 g6 3. Nc3 Bg7 4. e4 d6 5. Be2 O-O 6. g4 e5 7. d5 a5 8. Be3 Na6
9. f3 Bd7 10. Nh3 Nh5 11. O-O b6 12. Kg2 Qc8 13. Qe1 Bf6 14. Qd2 Nc5 15. Kh1
Qd8 16. Nd1 Bg7 17. Rg1 Nf6 18. Nhf2 Re8 19. b3 Kh8 20. Nc3 Ng8 21. Qb2 Qe7 22.
a3 a4 23. Nxa4 Nxa4 24. bxa4 Bxa4 25. Bd1 Bd7 26. Bc2 h6 27. a4 Bf6 28. Bd2 Bg5
29. f4 Bf6 30. g5 Bg7 31. Bc3 Qf8 32. fxe5 Bxe5 33. Bxe5+ dxe5 34. Nd3 Qg7 35.
c5 hxg5 36. Rxg5 f6 37. Rg3 Rab8 38. c6 Bc8 39. a5 Ba6 40. Qc1 g5 41. Nf2 Nh6
42. Rh3 Kg8 43. axb6 Rxb6 44. Rb3 Reb8 45. Rxa6 Rxb3 46. Bxb3 Rxb3 47. d6 Rf3
48. d7 Nf7 49. Qc4 Kh7 50. Kg2 Rf4 51. Qxf7 Qxf7 52. d8=Q Qc4 53. Ra8 Rxf2+ 54.
Kxf2 Qc2+ 55. Ke3 Qc3+ 56. Ke2 Qc2+ 57. Qd2 Qxe4+ 58. Kf2 Qxc6 59. Ra3 Qb6+ 60.
Kg2 Qc6+ 61. Kg3 Kh6 62. h4 Qc5 63. hxg5+ fxg5 64. Qe3 Qd5 65. Ra6+ c6 1-0